Statistiques concernant Les pays insulaires

Cliquez ici pour prendre le quiz!

Statistiques générales

  • Ce quiz a été pris 118 fois
  • Le résultat moyen est 41 sur 47

Statistiques - réponses

Réponse% Correct
Japon
98%
Malte
98%
Nouvelle-Zélande
98%
Cap-Vert
97%
Chypre
97%
Cuba
97%
Islande
96%
Madagascar
96%
Indonésie
95%
Irlande
95%
Jamaique
95%
Seychelles
95%
Haiti
94%
Royaume-Uni
93%
Sainte-Lucie
93%
Fidji
92%
Barbade
91%
République Dominicaine
90%
Dominique
89%
Maldives
89%
Maurice
89%
Philippines
89%
Taïwan
89%
Comores
88%
Nauru
88%
Sri Lanka
88%
Saint-Christophe-et-Niévès
87%
Antigua-et-Barbuda
86%
Samoa
86%
Tonga
86%
Trinité-et-Tobago
86%
Bahamas
85%
Kiribati
85%
États fédérés de Micronésie
84%
Saint-Vincent-et-les-Grenadines
84%
Sao Tomé-et-Principe
83%
Vanuatu
83%
Tuvalu
82%
Îles Marshall
81%
Papouasie-Nouvelle-Guinée
81%
Grenade
80%
Palaos
79%
Singapour
79%
Îles Salomon
76%
Brunei
74%
Bahreïn
72%
Timor oriental
69%

Distribution des résultats

Percentile par nombre de réponses

% des personnes avec chaque résultat

Votre développement - résultats

Vous n’avez pas pris ce quiz